00769nam a22002297a 45000010005000000030006000050050017000110080041000280200018000690400029000870500014001160820010001301000028001402450056001682600056002243000048002805050008003285200122003365210029004585210020004876500032005074890FISKH20241023094529.0241023b cb ||||| |||| 00| 0 eng d a9780689317057 aFISKHbengcFISKHdFISKH aGV762.F56 a797.5 aFine, John Christopher  aFree Spirits in the Sky /cby John Christopher Fine aNew York : bMacmillan Publishing Company ;c1994 . a32 pages : bcolor illustrations ;c27 cm . aR  aProvides information about the history and enjoyment of hot air ballooning and an account of an early morning flight.8 a790 bLexile estimate 8 aR bRaz-Plus  aballooning vJuvenile work